Loreto College Library, Kolkata
WEBOPAC (ONLINE PUBLIC ACCESS CATALOGUE)

Roman Stories (Record no. 44262)

MARC details
000 -LEADER
fixed length control field 00517nam a22001937a 4500
005 - DATE AND TIME OF LATEST TRANSACTION
control field 20260306135510.0
008 - FIXED-LENGTH DATA ELEMENTS--GENERAL INFORMATION
fixed length control field 260306b |||||||| |||| 00| 0 eng d
020 ## - ISBN | অাই এস বি এন
ISBN | অাই এস বি এন 978-0-670-09724-1
PRICE Rs.599.00
040 ## - CATALOGING SOURCE
Original cataloging agency Loreto College
041 ## - LANGUAGE CODE
Language code English
082 ## - DDC | ডিউই
Classification number | বর্গসংখ্যা F
Book Number | গ্রন্থাঙ্ক LAH
100 ## - MAIN ENTRY--PERSONAL NAME | মুখ্য সংলেখ - ব্যাক্তিনাম
Personal name | ব্যাক্তিনাম Lahiri,Jhumpa
245 ## - TITLE STATEMENT | অাখ্যা বিবরণী
Title | অাখ্যা Roman Stories
Statement of responsibility | লেখকের দায়িত্বের বিবরণ Jhumpa Lahiri
260 ## - IMPRINT | প্রকাশনা ক্ষেত্র
Place of publication | প্রকাশ স্থান Gurugram
Name of publisher | প্রকাশকের নাম Penguin Random House India
Date of publication | প্রকাশ কাল 2023
300 ## - PHYSICAL DESCRIPTION |
Page / Vol. No | পৃষ্ঠা / খন্ড সংখ্যা 204p.;22cm.
650 ## - SUBJECT ADDED ENTRY--TOPICAL TERM | বিষয় শিরোনাম - মূল বিষয়
Topical term | মূল বিষয় Fiction
850 ## - HOLDING INSTITUTION
Holding institution LCBED
942 ## - ADDED ENTRY ELEMENTS (KOHA)
Koha item type Books
Holdings
Withdrawn status Lost status Source of classification Damaged status Not for loan Home library Current library Date acquired Total Checkouts Full call number Accession No. Date last seen Price effective from Koha item type Coded location qualifier
    Dewey Decimal Classification     Loreto College Loreto College 06/03/2026   F LAH DB47 48450 06/03/2026 06/03/2026 Books